[Event "THA-ch (Women)"]
[Site "Bangkok"]
[Date "2021.11.05"]
[Round "1"]
[White "Somthong, Aonuma"]
[Black "Phitchayarom, Ruja"]
[Result "0-1"]
[WhiteElo "1093"]
[BlackElo "1489"]
[PlyCount "46"]
[EventDate "2021.11.05"]
[EventType "swiss"]
[EventRounds "9"]
[EventCountry "THA"]
[SourceTitle "CBM 205 Extra"]
[Source "ChessBase"]
[SourceDate "2022.01.31"]
[SourceVersion "1"]
[SourceVersionDate "2022.01.31"]
[SourceQuality "1"]

1. e4 c5 2. Nf3 e6 3. d4 cxd4 4. Nxd4 Nc6 5. Nc3 Qc7 6. a3 a6 7. Be3 b5 8. Be2 Bb7 9. Qd2 Nf6 10. f4 d6 11. Bf3 Rd8 12. Qf2 Nd7 13. 0-0 Be7 14. Rad1 0-0 15. Rfe1 Rfe8 16. e5 dxe5 17. Nxc6 Bxc6 18. Bxc6 Qxc6 19. fxe5 Nxe5 20. Bd4 Ng6 21. Ne4 e5 22. Bxe5 Nxe5 23. Ng3 Bc5 0-1